Effectif Paris Saint-Germain saison 2024/2025 - Statistiques

Statistiques générales
  • Ce quiz a été pris 7 451 fois
    2 659 depuis la dernière actualisation
  • Le résultat moyen est 18 sur 24
Statistiques - réponses
Hint Réponse % Correct
G Gianluigi Donnarumma
97%
A Ousmane Dembélé
94%
D Marquinhos
93%
D Achraf Hakimi
92%
Coach Luis Enrique
92%
A Bradley Barcola
90%
D Nuno Mendes
89%
M Vitinha
85%
D Willian Pacho
84%
M João Neves
83%
M Fabian Ruiz
82%
A Gonçalo Ramos
80%
M Désiré Doué
78%
M Warren Zaïre-Emery
78%
G Matvey Safonov
76%
D Lucas Hernandez
75%
G Arnau Tenas
70%
D Presnel Kimpembe
68%
M Lee Kang-in
65%
D Lucas Beraldo
65%
A Randal Kolo Muani
54%
A Marco Asensio
41%
D Milan Škriniar
39%
M Danilo Pereira
12%
Aucun quiz correspondant
Distribution des résultats
% des personnes avec chaque résultat
Percentile par nombre de réponses
Votre historique - résultats
Vous n’avez pas pris ce quiz depuis la dernière actualisation